| 000 | 00921nac a22002171u 4500 | ||
|---|---|---|---|
| 090 | _c9518 | ||
| 008 | 090208t1997 xxu||||| |||| 00| 0 eng d | ||
| 010 | _a97011791 | ||
| 020 | _a0201316900 (softcover) | ||
| 082 | 0 | 0 |
_a338.5 _bPAR |
| 100 | _aParkin, Michael, | ||
| 245 | 1 | 0 |
_aMicroeconomics / _cMichael Parkin. |
| 250 | _a4th ed. | ||
| 260 |
_aReading, Mass. : _bAddison-Wesley, _cc1997. |
||
| 300 |
_axxxi, 492, G6, I10 p. : _bill. ; _c25 cm. |
||
| 504 | _aIncludes bibliographical references and index. | ||
| 650 | 0 | _aMicroeconomics. | |
| 942 |
_cBB _k338.5PAR _2ddc |
||
| 999 |
_c9518 _d9518 |
||